| 000 | 00508nam a2200169 a 4500 | ||
|---|---|---|---|
| 005 | 20240924070653.0 | ||
| 008 | 991125s1948 mx 000 0 spa u | ||
| 035 | _aUPN01000006035 | ||
| 049 | _aCG | ||
| 050 | 4 |
_aD20 _bW4.28a |
|
| 100 | 1 |
_aWells, Herbert George, _d1866-1946 _929468 |
|
| 245 | 1 | 0 |
_aBreve historia del mundo : _bcon veinte mapas / _cH. G. Wells ; tr. Rafael Atard. |
| 260 |
_aMéxico : _bM. Aguilar, _c1948. |
||
| 300 |
_a437 p. : _bmapas. |
||
| 650 | 4 |
_aHistoria universal _95508 |
|
| 905 | _aLibro | ||
| 999 |
_c6035 _d6035 |
||